Statistics for Top 100 Albums of the 2010's according to rateyourmusic.com

Click here to take the quiz!

General Stats

  • This quiz has been taken 56 times
  • The average score is 50 of 100

Answer Stats

PositionArtistAlbum Title% Correct
1Kendrick LamarTo Pimp a Butterfly
100%
9Frank OceanBlonde
96%
3Kendrick Lamargood kid mAAd city
96%
2Kanye WestMy Beautiful Dark Twisted Fantasy
96%
11Tyler, the CreatorFlower Boy
94%
14Tyler, the CreatorIgor
94%
10RadioheadA Moon Shaped Pool
91%
4David BowieBlackstar
91%
18Kids See GhostsKids See Ghosts
91%
6Death GripsThe Money Store
89%
20Frank Oceanchannel ORANGE
87%
40Kendrick LamarDAMN
87%
41Kanye WestThe Life of Pablo
87%
13Kanye WestYeezus
87%
7Sufjan StevensCarrie and Lowell
83%
5Danny BrownAtrocity Exhibition
81%
25Earl SweatshirtSome Rap Songs
77%
27Run the JewelsRun the Jewels 2
74%
37BrockhamptonSaturation 3
74%
39C418Minecraft
72%
15Freddie Gibbs & MadlibPinata
72%
32BrockhamptonSaturation 2
72%
8SwansTo Be Kind
72%
29Car Seat HeadrestTwin Fantasy
72%
23Danny BrownXXX
68%
26Pusha TDAYTONA
66%
35Tame ImpalaLonerism
66%
21Weyes BloodTitanic Rising
66%
34Death GripsBottomless Pit
64%
22Death GripsThe Powers That B
64%
52Death GripsNo Love Deep Web
62%
86Lana Del ReyNorman Fucking Rockwell!
62%
57Car Seat HeadrestTeens of Denial
62%
71Kendrick Lamaruntitled unmastered
62%
30Mount EerieA Crow Looked at Me
60%
77Carly Rae JepsenEMOTION
60%
88Kendrick LamarSection.80
60%
31Arcade FireThe Suburbs
60%
78Travis ScottRodeo
57%
82Death GripsYear of the Snitch
57%
61JPEGMAFIAAll My Heroes Are Cornballs
55%
38Beach HouseBloom
55%
19Flying LotusCosmogramma
55%
12SwansThe Seer
55%
47Denzel CurryTA13OO
53%
28Beach HouseTeen Dream
53%
16DaughtersYou Won't Get What You Want
53%
51Freddie Gibbs & MadlibBandana
51%
85MGMTLittle Dark Age
51%
91Frank OceanEndless
49%
49Fleet FoxesHelplessness Blues
49%
56LCD SoundsystemThis Is Happening
49%
43Queens of the Stone AgeLike Clockwork
47%
87Vampire WeekendModern Vampires of the City
47%
94black midiSchlagenheim
47%
81DeafheavenSunbather
47%
76Little SimzGrey Area
45%
36Sufjan StevensThe Age of Adz
45%
55Janelle MonáeThe ArchAndroid
45%
53SwansThe Glowing Man
45%
93Beach House7
40%
80Earl SweatshirtI Don't Like Shit I Don't Go Outside
40%
46Nick Cave & The Bad SeedsSkeleton Tree
40%
54Tim HeckerVirgins
40%
33D'Angelo and The VanguardBlack Messiah
38%
65King Gizzard and the Lizard WizardNonagon Infinity
38%
17A Tribe Called QuestWe got it from Here Thank You 4 Your service
38%
98DaughtersDaughters
36%
92IdlesJoy as an Act of Resistance.
36%
45Lil Ugly ManeMista Thug Isolation
36%
58FKA twigsMagdalene
34%
99Parquet CourtsWide Awake
34%
84Sun Kil MoonBenji
32%
83Fiona AppleThe Idler Wheel
32%
68Against All Logic2012 - 2017
30%
24Joanna NewsomHave One on Me
30%
42PJ HarveyLet England Shake
28%
70Angelo BadalamentiTwin Peaks
28%
95Big K.R.I.T.4eva Is a Mighty Long Time
26%
89青葉市子 [Ichiko Aoba]0
23%
69Godspeed You! Black EmperorAllelujah Don't Bend Ascend
23%
73Oneohtrix Point NeverReplica
21%
50DeerhunterHalcyon Digest
19%
62目黒将司 [Shoji Meguro]Persona 5
19%
60Joanna NewsomDivers
17%
67Julia HolterHave You in My Wilderness
15%
44The NationalHigh Violet
15%
75The Brave Little AbacusJust Got Back From the Discomfort - We're Alright
15%
63岡部啓一 [Keiichi Okabe], 石濱翔 [Kakeru Ishihama], 帆足圭吾 [Keigo Hoashi] & 隆文西村 [Takafumi Nishimura]NieR
15%
100Standing on the CornerRed Burns
15%
64GrouperAIA Alien Observer
13%
97ConvergeAll We Love We Leave Behind
11%
72Anna von HausswolffDead Magic
11%
79Jon HopkinsImmunity
11%
66岡部啓一 [Keiichi Okabe] & 帆足圭吾 [Keigo Hoashi]NieR Automata
11%
48Tim HeckerRavedeath 1972
11%
96GorgutsColored Sands
9%
59Deathspell OmegaParacletus
9%
90MgłaExercises in Futility
6%
74VektorTerminal Redux
6%

Score Distribution

Percentile by Number Answered

Percent of People with Each Score

Your Score History

You have not taken this quiz